[Event "Toronto NAYCC U10"]
[Site "Toronto"]
[Date "2013.08.18"]
[Round "8"]
[White "Yang, Kai Wen"]
[Black "Demers, Alexis"]
[Result "0-1"]
[WhiteElo "863"]
[BlackElo "1181"]
[PlyCount "104"]
[EventDate "2013.08.14"]
[EventType "swiss"]
[EventRounds "9"]
[EventCountry "CAN"]
[SourceTitle "EXT 2022"]
[Source "ChessBase"]
[SourceDate "2021.10.06"]
[SourceVersion "1"]
[SourceVersionDate "2021.10.06"]
[SourceQuality "1"]

1. d4 Nf6 2. Bg5 Ne4 3. Nf3 Nxg5 4. Nxg5 e5 5. Nf3 e4 6. Nfd2 d5 7. c4 c6 8. Nc3 Bb4 9. e3 0-0 10. f3 f5 11. Be2 Qh4+ 12. g3 Qh6 13. f4 Be6 14. Bf1 Nd7 15. Bg2 Bxc3 16. bxc3 dxc4 17. Rb1 b5 18. 0-0 Nf6 19. a4 a6 20. axb5 cxb5 21. Re1 Ng4 22. h3 Nf6 23. Rb4 Nd5 24. Rb2 Nxc3 25. Qc2 Nd5 26. Ra2 Nb4 27. Qb1 Nxa2 28. Qxa2 c3 29. Qc2 cxd2 30. Qxd2 Rfd8 31. Rc1 Bc4 32. g4 g6 33. g5 Qh5 34. Qd1 Qxd1+ 35. Rxd1 Bd3 36. Bf1 Bxf1 37. Kxf1 Rac8 38. d5 Rc2 39. Kg1 Kf7 40. d6 Ke6 41. Rd4 Rxd6 42. Rxd6+ Kxd6 43. Kf1 Kd5 44. Ke1 Kc4 45. Kd1 Kd3 46. h4 Rh2 47. Kc1 Rg2 48. h5 Rh2 49. h6 Rg2 50. Kb1 Kc3 51. Ka1 Kb3 52. Kb1 Rg1# 0-1

[Event "Toronto NAYCC U10"]
[Site "Toronto"]
[Date "2013.08.17"]
[Round "6"]
[White "Yang, Kai Wen"]
[Black "Luo, Jia Yu"]
[Result "1/2-1/2"]
[WhiteElo "863"]
[BlackElo "951"]
[PlyCount "67"]
[EventDate "2013.08.14"]
[EventType "swiss"]
[EventRounds "9"]
[EventCountry "CAN"]
[SourceTitle "EXT 2022"]
[Source "ChessBase"]
[SourceDate "2021.10.06"]
[SourceVersion "1"]
[SourceVersionDate "2021.10.06"]
[SourceQuality "1"]

1. d4 d5 2. c4 e6 3. Nc3 Nf6 4. Bf4 c5 5. e3 b6 6. cxd5 Nxd5 7. Nxd5 exd5 8. Bb5+ Bd7 9. Bxd7+ Nxd7 10. Ne2 Be7 11. 0-0 0-0 12. Nc3 Nf6 13. Qf3 cxd4 14. exd4 Re8 15. Rfe1 Bd6 16. Rxe8+ Nxe8 17. Bxd6 Qxd6 18. Qxd5 Qxd5 19. Nxd5 Rd8 20. Nc3 Rxd4 21. Re1 Nf6 22. g3 h6 23. Re2 a6 24. a4 Nd5 25. Re8+ Kh7 26. Nxd5 Rxd5 27. Rb8 b5 28. axb5 axb5 29. b4 h5 30. Kf1 g6 31. Ke2 Kg7 32. Ke3 f5 33. Rb7+ Kf6 34. f4 1/2-1/2

[Event "Toronto NAYCC U10"]
[Site "Toronto"]
[Date "2013.08.16"]
[Round "5"]
[White "Zheng, Victor"]
[Black "Yang, Kai Wen"]
[Result "1-0"]
[WhiteElo "1016"]
[BlackElo "863"]
[PlyCount "89"]
[EventDate "2013.08.14"]
[EventType "swiss"]
[EventRounds "9"]
[EventCountry "CAN"]
[SourceTitle "EXT 2022"]
[Source "ChessBase"]
[SourceDate "2021.10.06"]
[SourceVersion "1"]
[SourceVersionDate "2021.10.06"]
[SourceQuality "1"]

1. d4 Nf6 2. c4 c5 3. e3 e6 4. Nc3 d5 5. Nf3 cxd4 6. exd4 Bb4 7. Bg5 h6 8. Be3 Ne4 9. Qb3 Qa5 10. Rc1 Bd7 11. a3 Ba4 12. Qxb4 Qxb4 13. axb4 Nxc3 14. bxc3 0-0 15. cxd5 exd5 16. Bd3 Bb3 17. 0-0 Bc4 18. Bxc4 dxc4 19. Ne5 b5 20. Ra1 f6 21. Ng6 Re8 22. h3 Kh7 23. Nf4 Nc6 24. Nd5 Rac8 25. Kh2 Red8 26. Nf4 Rd6 27. Rfd1 Re8 28. d5 Ne5 29. Rxa7 Red8 30. Ne6 R8d7 31. Nf8+ Kg8 32. Nxd7 Rxd7 33. Rxd7 Nxd7 34. Bc5 Kf7 35. Re1 Ne5 36. d6 Ke8 37. f4 Kd7 38. fxe5 fxe5 39. Rxe5 g6 40. Re7+ Kd8 41. Bb6+ Kc8 42. d7+ Kb7 43. d8Q+ Kc6 44. Rd7 g5 45. Qc7# 1-0